Sports Quiz

Random Sports or MLB Quiz

Most Home Runs After 40 Quiz Stats

 Plays Quiz Updated Dec 17, 2018

Support Sporcle.
Go Orange.
Score 0/51 Timer 10:00
1 Play Today
HR Player % Correct
59Barry Bonds
90.8%
38David Ortiz
75%
42Hank Aaron
70%
72Carlton Fisk
69.5%
23Jim Thome
67%
32Willie Mays
65.6%
14Chipper Jones
64.8%
39Ted Williams
62%
17Cy Williams
61.6%
31Craig Biggio
59.7%
36Edgar Martínez
59.3%
14Cal Ripken Jr.
53.2%
46Stan Musial
50.8%
28Willie McCovey
50.7%
48Carl Yastrzemski
49.9%
33Reggie Jackson
49.4%
18Rafael Palmeiro
46.4%
25Eddie Murray
43.1%
19George Brett
43%
14Willie Stargell
41.8%
14Carlos Beltran
40.9%
59Dave Winfield
40.5%
10Gary Sheffield
38.8%
14Paul Molitor
38.7%
67Darrell Evans
37.9%
31Rickey Henderson
37.8%
HR Player % Correct
32Julio Franco
32.5%
39Andrés Galarraga
31.1%
25Jason Giambi
28.1%
22Tony Pérez
26%
12Jeff Kent
25.1%
10Andre Dawson
24.2%
13Moisés Alou
23.9%
53Raúl Ibañez
23.4%
36Harold Baines
22.6%
11Jim Edmonds
19%
11Dave Parker
17.4%
37Graig Nettles
14.4%
13Luke Appling
12%
16Jeff Conine
11.4%
19Davey Lopes
11.2%
24Matt Stairs
9.3%
19Steve Finley
8.1%
12Walker Cooper
7.1%
13Cap Anson
6.4%
15Tony Phillips
6.1%
27Brian Downing
5.4%
39Hank Sauer
3.4%
17Enos Slaughter
3.2%
11Mickey Vernon
1.1%
20Bob Thurman
0.7%

You're not logged in!

Compare scores with friends on all Sporcle quizzes.
OR
Log In

From the Vault

States That Border Missouri

by patrickray

We are sorry if all this quiz does is bring you Missouri.
Remove Ads.
Support Sporcle.
Get the best of Sporcle when you Go Orange. This ad-free experience offers more features, more stats, and more fun while also helping to support Sporcle. Thank you for becoming a member.

Show Comments

Extras

Top Quizzes Today


Score Distribution

Your Account Isn't Verified!

In order to create a playlist on Sporcle, you need to verify the email address you used during registration. Go to your Sporcle Settings to finish the process.

Report this User

Report this user for behavior that violates our Community Guidelines.

Details: